• 首页
  • 本馆介绍
  • 公告通知
  • 最新文献
  • 馆藏检索
  • 电子资源
  • 读者导购
  • 参考咨询
  • 我的图书馆
  • 登录
  • 详细信息显示
  • 放入我的书架
  • 预约/预借图书
  • 作者相关作品
  • 分类相关作品
  • 丛书相关作品
  • 出版社相关作品

书目信息

  • 表格格式
  • 工作单格式
  • 卡片格式
题名:
青春的旋律
    
 
作者: ;安徽人民出版社 编
分册:  
出版信息: 合肥   安徽人民出版社  1980
页数: 173页
开本: 13cm
丛书名:
单 册:
中图分类: J652.53
科图分类:
主题词: 歌曲--世界--选集
电子资源:
ISBN:
000 00692nam0 2200241 45
001 0180000872
005 20060705164520.15
010    @dCNY0.24
091    @a7102.1050.80
100    @a19950619d1980 em y0chiy0121 ea
101 0  @achi
102    @aCN@b340000
105    @ag z 000yy
200 10 @a青春的旋律@Aqing chun de xuan lu@e歌曲集@f安徽人民出版社编@Fan hui ren min chu ban she bian
210    @a合肥@c安徽人民出版社@d1980
215    @a173页@d13cm
517 1  @a歌曲集@Age qu ji
606    @a歌曲@y世界@x选集
690    @aJ652.53@v4
711  0 @a安徽人民出版社@Aan hui ren min chu ban she@4编
801  2 @aCN@bNLC@c20060705
801  0 @aCN@bTSSF
905    @a10447@dJ652.53@e320
    
    青春的旋律:歌曲集/安徽人民出版社编.-合肥:安徽人民出版社,1980
    173页;13cm
    
    
    ISBN :CNY0.24
    
●
相关链接 在E读中查询图书 在五车中查询图书 在当当中查询图书 在豆瓣中查询图书


正题名:青春的旋律     索取号:J652.53/320         预约/预借

序号 登录号 条形码 馆藏地/架位号 状态 备注
1 0036579   202276447   密集书库/ [索取号:J652.53/320] 在馆    
唐山师范学院图书馆 欢迎您!
大连网信软件有限公司© 版权所有